Riconosci lo Stato - Quiz n°52 - Statistics

Statistiche generali
  • Questo quiz è stato fatto 28 volte
  • Il punteggio medio è 12 su 13
Statistiche sulle risposte
Indizio Risposta % Corretto
Indipendenza 4 ottobre 1830 dal Regno Unito dei Paesi Bassi
100%
Popolazione 11 550 039 ab.
96%
PIL (nominale) 599 989 milioni di $
96%
Primo ministro Alexander De Croo
96%
Iniziale della Capitale B
96%
Valuta Euro
96%
Re Filippo
96%
Fuso Orario UTC+1 UTC+2 in ora legale
96%
Superficie 30 536 km²
92%
Forma di Governo Monarchia parlamentare federale
92%
Tasso di crescita 0,57%
88%
ISU 0,937
88%
Risposta Belgio
88%
Nessun quiz corrispondente trovato
Distribuzione punteggi
Percentuale di utenti per punteggio
Percentile per numero di risposta
I tuoi punteggi nel tempo
Non hai fatto questo quiz